Стефан Стамболов и неговото време (Запис номер 190615)
[ съкратено ]
| 000 -Лидер | |
|---|---|
| Контролно поле с фиксирана дължина | 02096nam a2200445 a 4500 |
| 001 - Контролен номер на записа | |
| Контролно поле | 190615 |
| 003 - Код на организацията, давaща контролен номер | |
| Контролно поле | BLK |
| 005 - Дата и час на последна редакция | |
| Контролно поле | 20250119004132.0 |
| 008 - Елементи от данни с фиксирана дължина | |
| fixed length control field | 180411b bul|||||r ||||||| ||bul|| |
| 010 ## - Наследен системен номер | |
| LC control number | KNG00199765000 |
| 020 ## - Международен стандартен номер на книга ISBN | |
| Международен стандартен номер на книга ISBN | 954-8043-07-6 |
| 040 ## - Източник на каталожния запис | |
| Идентификатор на билиотеката - собственик на записа | BLK |
| 041 ## - Код за език | |
| Код за езика на текст/звукозапис или на отделно заглавие | Български |
| Код за езика КДБФ | Български |
| 080 ## - УДК | |
| Текстов определител УДК | Националнореволюционно движение през 70-те години |
| УДК код - определител по УДК | 94(497.2)"187..." |
| УДК определител | (092)(093.3) |
| УДК - код + определител | 94(497.2)"187..."(092)(093.3) |
| 080 ## - УДК | |
| Текстов определител УДК | Възстановяване и развитие на България след Освобождението (1878-1900) |
| УДК код - определител по УДК | 94(497.2)"1878/1900" |
| УДК определител | (092)(093.3) |
| УДК - код + определител | 94(497.2)"1878/1900"(092)(093.3) |
| 080 ## - УДК | |
| Текстов определител УДК | Български политик, държавник, революционер, поет и журналист |
| УДК код - определител по УДК | 929 Стамболов, Стефан Николов |
| УДК - код + определител | 929 Стамболов, Стефан Николов |
| 100 ## - Редна дума - Автор | |
| Автор | Стателова, Елена Боянова |
| R(LIN) | 246747 |
| 139 ## - Редно поле | |
| Редна дума | Стателова, Елена Боянова и др. |
| Авторски знак | Стамбо - С 65 |
| 245 10 - Сведения за заглавието | |
| Заглавие | Стефан Стамболов и неговото време |
| Подзаглавни данни | Непубл. спомени |
| Редно поле (дума) | Елена Боянова Стателова; съавт. Радослав Попов. |
| 257 ## - Страна на издаване | |
| Страна на създаване/издаване | България |
| 260 ## - Област на издателските данни | |
| Място на издаване, разпространение и проч. | София |
| Име на издателя, разпространителя и проч. | Детелина 6 |
| Година на издаване | 1993 |
| 300 ## - Физическа характеристика | |
| Страници | 344 с. |
| Размери/Мащаб | 20 см |
| 380 ## - Жанр | |
| Жанр | История |
| 500 ## - Общи забележки | |
| Забележка | Именен показалец. |
| 650 #0 - Допълнително описание по предмет – тема | |
| Основно описание – тема или топоним | България - история, нова - спомени |
| 9 (RLIN) | 243137 |
| 650 #4 - Допълнително описание по предмет – тема | |
| Основно описание – тема или топоним | Политици, български - спомени |
| 9 (RLIN) | 247072 |
| 653 ## - Ключова дума – ненормативна | |
| Ключова дума | България |
| 653 ## - Ключова дума – ненормативна | |
| Ключова дума | история |
| 653 ## - Ключова дума – ненормативна | |
| Ключова дума | политици |
| 653 ## - Ключова дума – ненормативна | |
| Ключова дума | Стефан Стамболов |
| 700 1# - Други автори (авторска отговорност) | |
| Лично име | Попов, Радослав |
| Автороска отговорност (Описва отношението между автора и произведението) | съавт. |
| 9 (RLIN) | 381737 |
| 852 ## - Местоположение | |
| Форматна сигнатура | Цб 172465 |
| Фондова буква | Хранилище |
| 856 4# - Електронен адрес и достъп | |
| Електронен формат | pdf - файл |
| Инструкция (цена за достъп) | 0.00 |
| Права за достъп | disable |
| 856 4# - Електронен адрес и достъп | |
| Електронен формат | pdf - файл |
| Инструкция (цена за достъп) | 0.00 |
| Права за достъп | disable |
| 942 ## - АРТИКУЛИ | |
| Вид на библиотечния материал | Книги |
| Скрит в OPAC | Не |
| Периодичен библиозапис | Да |
| 944 ## - СЪЗДАВАНЕ И РЕДАКЦИЯ на ЗАПИСА | |
| Създаване/Редакция | Създаване |
| Дата на регистрацията/редакция | 03.02.2017 |
| Служител, извършил регистрацията/редакцията | |
| Статус, дата на статуса | CRON CRON |
| 944 ## - СЪЗДАВАНЕ И РЕДАКЦИЯ на ЗАПИСА | |
| Създаване/Редакция | Редакция |
| Дата на регистрацията/редакция | 14.03.2018 |
| Служител, извършил регистрацията/редакцията | Симона_Петрова |
| 999 ## - СИСТЕМНИ КОНТРОЛНИ НОМЕРА | |
| Koha biblionumber | 190615 |
| Koha biblioitemnumber | 190615 |
| 999 ## - СИСТЕМНИ КОНТРОЛНИ НОМЕРА | |
| Koha biblioitemnumber | 190615 |
| 999 ## - СИСТЕМНИ КОНТРОЛНИ НОМЕРА | |
| Koha biblioitemnumber | 190615 |
| Код за отписване | Код за изгубен артикул | Източник на класификационната схема | Код за повреда | Коз за рестрикции | Код за отдаване | Артикулен № | Име на библиотеката - собственик | Име на библиотеката, в която се намира в момента | Статус (Текущо местоположение) | Дата на вписване в системата | Местоположение - отдел | Цена в лева | Инвентарен номер | Систематично азбучна сигнатура | Баркод | Номер на екземпляра | Цена в евро | Служебна бележка | Служебен тип на артикула |
|---|---|---|---|---|---|---|---|---|---|---|---|---|---|---|---|---|---|---|---|
| Не е изгубен | Universal Decimal Classification | Не е повреден | без рестрикции | ползва се в читалня | 335255 | Регионална библиотека "Любен Каравелов" Русе | Регионална библиотека "Любен Каравелов" Русе | Хранилище | 1993-01-01 | Хранилище | 0.95 | 579012 | Цб 172465 | 120000579012 | 1 | 0.49 | N: стар фонд Дата: 01.01.1993 | Книги | |
| Изтеглен | Не е изгубен | Universal Decimal Classification | Не е повреден | без рестрикции | заемане за дома | 335256 | Регионална библиотека "Любен Каравелов" Русе | Регионална библиотека "Любен Каравелов" Русе | Заемна - подръчен фонд | 1993-01-01 | Заемна - подръчен фонд | 1.89 | 578045 | П/949.72.042/С 65 | 578045 | 2 | 0.97 | N: стар фонд Дата: 01.01.1993 | Книги |
| Изтеглен | Не е изгубен | Universal Decimal Classification | Не е повреден | без рестрикции | заемане за дома | 335257 | Регионална библиотека "Любен Каравелов" Русе | Регионална библиотека "Любен Каравелов" Русе | Заемна - подръчен фонд | 1993-01-01 | Заемна - подръчен фонд | 1.89 | 578286 | П/949.72.042/С 65 | 578286 | 3 | 0.97 | N: стар фонд Дата: 01.01.1993 | Книги |
| Изтеглен | Не е изгубен | Universal Decimal Classification | Не е повреден | без рестрикции | заемане за дома | 335258 | Регионална библиотека "Любен Каравелов" Русе | Регионална библиотека "Любен Каравелов" Русе | Заемна - подръчен фонд | 1993-01-01 | Заемна - подръчен фонд | 1.89 | 578287 | П/949.72.042/С 65 | 578287 | 4 | 0.97 | N: стар фонд Дата: 01.01.1993 | Книги |
| Изтеглен | Не е изгубен | Universal Decimal Classification | Не е повреден | без рестрикции | заемане за дома | 335259 | Регионална библиотека "Любен Каравелов" Русе | Регионална библиотека "Любен Каравелов" Русе | Заемна - подръчен фонд | 1993-01-01 | Заемна - подръчен фонд | 1.89 | 578288 | П/949.72.042/С 65 | 578288 | 5 | 0.97 | N: стар фонд Дата: 01.01.1993 | Книги |